Normal view
MARC view
Entry Personal Name
001 - CONTROL NUMBER
- control field: 37856
003 - CONTROL NUMBER IDENTIFIER
- control field: dpl
005 - DATE AND TIME OF LATEST TRANSACTION
- control field: 20120103103931.0
008 - FIXED-LENGTH DATA ELEMENTS
- fixed length control field: 120103|||a|||||| | ||| d
040 ## - CATALOGING SOURCE
- Original cataloging agency: dpl
- Transcribing agency: dpl
100 ## - HEADING--PERSONAL NAME
- Personal name: Jackson, Sherryl B.
670 ## - SOURCE DATA FOUND
- Source citation: Work cat.: (dpl): Jackson, Sherryl B. , American presidents fand first ladies with seleted inaugural speeches /, (201?)
670 ## - SOURCE DATA FOUND
- Source citation: Work cat.: (dpl): Jackson, Sherryl B. , American presidents fand first ladies with seleted inaugural speeches /, (201?)
